| 000 | 00515nam a22002057a 4500 | ||
|---|---|---|---|
| 003 | koha_MIRAKIL | ||
| 005 | 20231213100145.0 | ||
| 008 | 231213b |||||||| |||| 00| 0 ||| d | ||
| 020 | _b978-9-75051201-8 | ||
| 040 |
_aTR-IsEVY _btur _cTR-IsEVY |
||
| 082 | _a813.42 KES/P | ||
| 100 | _aKesal, Ercan. | ||
| 245 | 0 | _aPeri gazozu | |
| 250 | _a4. bs. | ||
| 260 |
_bİletişim, _c2013 |
||
| 300 | _a198 s. | ||
| 650 | _aTürk edebiyatı -- Hikaye. | ||
| 650 | _aTurkish literature -- Story. | ||
| 942 |
_2ddc _cBK |
||
| 999 |
_c15426 _d15426 |
||